| 000 | 00848nac a22001931u 4500 | ||
|---|---|---|---|
| 008 | 090504t xxu||||| |||| 00| 0 eng d | ||
| 010 | _a98022454 | ||
| 020 | _a9780521866750 | ||
| 082 | 0 | 0 |
_a620.112 _bMEY |
| 100 |
_aMeyers, Marc A. _94560 |
||
| 245 | 1 | 0 |
_aMechanical behavior of materials / _cMarc Andre Meyers, Krishan Kumar Chawla. |
| 260 |
_aNew York : _bCambridge University press , _cc2009. |
||
| 300 |
_axxii, 856 p.: _bill. ; _c27 cm. |
||
| 504 | _aIncludes bibliographical references and index. | ||
| 650 | 0 |
_aStrength of materials. _94561 |
|
| 700 | 1 |
_aChawla, Krishan Kumar _d1942- _94562 |
|
| 942 |
_cBB _k620.112MEY _2ddc |
||
| 999 |
_c11489 _d11489 |
||